Представление документа в формате RUSMARC

ПолеНазваниеЗначение
  Тип записи a
  Библиографический уровень a
001 Контрольный номер RU/CBS_UL/BASE/7fa2abeb90384b84b4fb6c77ca3975d5
005 Дата корректировки 20260414145409.5
100 Данные общей обработки __
a Данные общей обработки 20260414 ||| 0rusy0189 ca
101 Язык документа 0_
a Язык текста rus
102 Страна публикации __
a Страна публикации RU
200 Заглавие и сведения об ответственности 1_
a Заглавие Дружба народов
e Сведения, относящиеся к заглавию [сравнение летних шин размерности 205/55 R16 российского, китайского и узбекского производства]
f Первые сведения об ответственности Н. Гудков, И. Хлебушкин
g Последующие сведения об ответственности фото Я. Сегал
300 Общие примечания __
a Общие примечания 16+
461 Уровень набора _0
1 2000
a За рулем
463 Уровень физической единицы _0
1 2000
a № 3
v С. 24-29 : фото
1 2101
d 2026
1 001RU/CBS_UL/BASE/0a9ad0c78bfa46c6a70124265e83ce14
606 Тематические рубрики 0_
a Основная рубрика Автомобильные шины - Испытание
610 Ключевые слова 0_
a Ключевые слова шины
610 Ключевые слова 0_
a Ключевые слова автомобильные шины
610 Ключевые слова 0_
a Ключевые слова шины автомобильные
610 Ключевые слова 0_
a Ключевые слова летние шины
610 Ключевые слова 0_
a Ключевые слова шины летние
610 Ключевые слова 0_
a Ключевые слова автомобильные летние шины
610 Ключевые слова 0_
a Ключевые слова российские шины
610 Ключевые слова 0_
a Ключевые слова шины российские
610 Ключевые слова 0_
a Ключевые слова китайские шины
610 Ключевые слова 0_
a Ключевые слова шины китайские
610 Ключевые слова 0_
a Ключевые слова узбекские шины
610 Ключевые слова 0_
a Ключевые слова шины узбекские
610 Ключевые слова 0_
a Ключевые слова тестирование шин
610 Ключевые слова 0_
a Ключевые слова испытание шин
610 Ключевые слова 0_
a Ключевые слова экспертные оценки шин
686 Индексы других классификаций __
2 Код системы rubbk
a Классификационный индекс 39.33-042
700 Автор _1
a Фамилия Гудков
b Имя (инициалы) Н.
701 Альтернативная интеллектуальная ответственность _1
a Фамилия Хлебушкин
b Имя (инициалы) И.
801 Источник записи _0
a Страна RU
b Организация МБУК ЦБС г. Ульяновска
c Дата составления 20260414
g Правила каталогизации RCR
801 Источник записи _1
a Страна RU
b Организация МБУК ЦБС г. Ульяновска
c Дата составления 20260414
g Правила каталогизации RCR
901 Тип документа __
t Тип документа b
w Контрольный № источника RU/CBS_UL/BASE/0a9ad0c78bfa46c6a70124265e83ce14
909 Создатель записи __
a Создатель записи lib2